Responses for Show #1060 - Friday, March 24, 1989

Contestants

[<< previous game]

Craig Campbell, an advertising executive from Victorville, California

Deb Coester, an accounting clerk from Pittsburgh, Pennsylvania

Alison Whitney, a preschool director and teacher from Orlando, Florida (whose 2-day cash winnings total $11,699)

[next game >>]

Jeopardy! Round responses

FAMOUS WOMEN
SONG LYRICS
U.S. CITIES
SPORTS
SEWING
"LING" O
    $100 13
Pocahontas

Craig
    $100 1
Buenos Aires

Craig
    $100 3
(Deb: What is Anchorage?)

Juneau

AlisonDeb
    $100 5
dribbling

Deb
    $100 19
thread

Alison
    $100 20
sling

Alison
    $200 14
Anne Lindbergh

Deb
    $200 2
the Alamo

Alison
    $500 4
Knoxville

Alison
    $200 9
Switzerland

Craig
    $200 27
hem

Craig
    $200 21
the Ringling Brothers

Craig
    $300 15
"Dear Abby" & "Ann Landers"

Alison
    $300 18
the light of the moon

Alison
    $300 6
(Alison: What is New York City?)

Albany

Alison
Triple Stumper
    $300 10
hurling

Craig
    $300 28
fraying (unraveling)

Alison
    $300 22
linguistics

Craig
    $400 16
Lucille Ball

Deb
    $400 25
"Cabaret"

Deb
    $400 7
(Deb: What is Bismarck?)

Fargo

DebCraig
    $400 11
Eric Heiden

Alison
    $400 29
(Craig: What is to keep his needles?)
(Alex: That's what I was thinking.)

to help him out when he's pressing

Craig
Triple Stumper
    $400 23
Sterling

Craig
    $500 17
Joan Embry (of the San Diego Zoo)

Craig
    $500 26
"The Boys in the Back Room"

Alison
    $500 8
Tucson

Craig
    $500 12
(Alison: What is jai-alai?)

squash

AlisonCraig
    $500 30
(Alison: What is trapunto?)
(Craig: What is embroidery?)
(Alex: During the break, our researchers were scurrying & we were a bit loose on this clue. Alison's response is acceptable, so she gets back $1000, and Craig, since your response came after Alison's, you're getting back $500.)

top stitching

Alison
    $500 24
Linus Pauling

Craig

Scores at the first commercial break (after clue 12):

Alison Deb Craig
$400 -$400 $2,000

Scores at the end of the Jeopardy! Round:

Alison Deb Craig
$2,500 $600 $3,800

Double Jeopardy! Round responses

STARTS WITH "P"
FICTION
FOOD
BEACHES
BIOLOGY
KINGS NAMED LOUIS
    $200 6
potpourri

Craig
    $200 15
Karamazov

Craig
    $200 7
hominy

Alison
    $200 8
Texas

Alison
    $200 13
insulin

Deb
    $200 1
(Deb: Who is Saint Louis?)

Charlemagne

Deb
Triple Stumper
    $400 14
plot

Alison
    $400 16
Agatha Christie

Alison
    $400 17
(Alex: Tony the Tiger is the one who says it.)

Frosted Flakes

Alison
    $400 9
Hawaii (the big island)

Craig
    $400 22
Dutch elm disease

Alison
    $400 2
Eleanor of Aquitaine

Deb
    $600 23
Peyton Place

Alison
    $600 21
(Alex: Minute to go.)

Gentlemen Prefer Blondes

Triple Stumper
    $600 18
aspic

Triple Stumper
    $600 10
(Craig: What is Fire Island?)

Long Island

AlisonCraig
    $600 26
(Craig: What are tendons?)

ligaments

AlisonCraig
    $600 3
the "Sun King"

Deb
    $800 24
Prairie Style (Prairie School)

Craig
    $800 27
[end-of-round signal sounds]

Gary Hart

Craig
    $1,200 19
cocoa butter

Alison
    $1,000 11
(Alex: The lady is smiling, there's a reason why -- Alison, which state are you from?)

Florida

Alison
    $800 4
sainthood

Deb
    $1000 25
plectrum

Craig
    $1000 20
cassoulet

Craig
    $1000 12
New Hampshire

Craig
    $1000 5
(Alison: Who was Beethoven?)

Wagner

Alison
Triple Stumper

Scores at the end of the Double Jeopardy! Round:

Alison Deb Craig
$7,500 $2,400 $8,000

[wagering suggestions for these scores]

Final Jeopardy! Round responses

WESTERN HEMISPHERE
DebWhat is Canada?
$2,399
AlisonWhat was Canada?
$7,000
CraigWhat is Mexico?
$7,001
Haiti

Final scores:

Alison Deb Craig
$500 $1 $999
2nd place: Trip to Desert Inn Hotel & Casino in Las Vegas 3rd place: Maytag Jetclean dishwasher New champion: $999

Game dynamics:

Coryat scores:

Alison Deb Craig
$6,600 $2,400 $8,000
22 R
(including 3 DDs),
3 W
8 R,
3 W
21 R,
3 W

Combined Coryat: $17,000

[game clues] [game scores] [suggest correction]

Game tape date: 1988-12-05
The J! Archive is created by fans, for fans. Scraping, republication, monetization, and malicious use prohibited; this site may use cookies and collect identifying information. See terms. The Jeopardy! game show and all elements thereof, including but not limited to copyright and trademark thereto, are the property of Jeopardy Productions, Inc. and are protected under law. This website is not affiliated with, sponsored by, or operated by Jeopardy Productions, Inc. Join the discussion at JBoard.tv.